000
00332nam a2200133Ia 4500
008
150201s2014 xx 000 0 und d
082
_a
617.672
_b
D2014 M
100
_a
MORROW ,ROBERT.M.
245
_a
DENTAL LABORATORY PROCEDURE
250
_a
1ST
260
_b
ELSEVIER PUBLICATION
650
_a
PROSTHODONTICS
942
_2
ddc
_c
BK
_0
5
999
_c
4903
_d
4903